|
|
|
|
| LEADER |
01485nam a2200409Ia 4500 |
| 001 |
EBC996809 |
| 003 |
MiAaPQ |
| 005 |
20200520144314.0 |
| 006 |
m o d | |
| 007 |
cr cn||||||||| |
| 008 |
000926s2001 caua sb 001 0 eng d |
| 010 |
|
|
|z 00011617
|
| 020 |
|
|
|z 9780761913061
|
| 020 |
|
|
|z 9781452264097
|
| 020 |
|
|
|z 076191305X
|
| 020 |
|
|
|z 0761913068
|
| 035 |
|
|
|a (MiAaPQ)EBC996809
|
| 035 |
|
|
|a (Au-PeEL)EBL996809
|
| 035 |
|
|
|a (CaPaEBR)ebr10581209
|
| 035 |
|
|
|a (CaONFJC)MIL673034
|
| 035 |
|
|
|a (OCoLC)809772709
|
| 040 |
|
|
|a MiAaPQ
|c MiAaPQ
|d MiAaPQ
|
| 050 |
|
4 |
|a HF5549.5.T8
|b G74 2001
|
| 100 |
1 |
|
|a Griffeth, Rodger W.,
|d 1946-
|
| 245 |
1 |
0 |
|a Retaining valued employees
|h [electronic resource] /
|c Rodger W. Griffeth, Peter W. Hom.
|
| 260 |
|
|
|a Thousand Oaks, Calif. :
|b Sage Publications,
|c c2001.
|
| 300 |
|
|
|a viii, 278 p. :
|b ill.
|
| 490 |
1 |
|
|a Advanced topics in organizational behavior
|
| 504 |
|
|
|a Includes bibliographical references (p. 249-267) and index.
|
| 533 |
|
|
|a Electronic reproduction. Ann Arbor, MI : ProQuest, 2015. Available via World Wide Web. Access may be limited to ProQuest affiliated libraries.
|
| 650 |
|
0 |
|a Labor turnover.
|
| 650 |
|
0 |
|a Employee retention.
|
| 655 |
|
4 |
|a Electronic books.
|
| 700 |
1 |
|
|a Hom, Peter W.,
|d 1951-
|
| 710 |
2 |
|
|a ProQuest (Firm)
|
| 830 |
|
0 |
|a Advanced topics in organizational behavior.
|
| 856 |
4 |
0 |
|u https://ebookcentral.proquest.com/lib/matrademy/detail.action?docID=996809
|z Click to View
|